| 000 | 01323cab a2200217 i 4500 | ||
|---|---|---|---|
| 001 | 768714001 | ||
| 003 | CO-MdFUSB | ||
| 005 | 20230111091536.0 | ||
| 008 | 180615s1997 gt ||||| |||| 00| 0 spa d | ||
| 022 | _a1014-9341 | ||
| 040 |
_aCO-MdFUSB _bspa _cCO-MdFUSB _dCO-MdFUSB |
||
| 041 | _aspa | ||
| 100 | 1 |
_aCalheiros, Izes _eautor |
|
| 245 | 1 | 3 |
_aLa interacción crítica : _btrabajo conjunto de la iglesia y la escuela en el desarrollo del liderazgo _c/ Licda. Izes Calheiros |
| 300 |
_aNúmero 20 (Enero - Junio, 1997), páginas 51-62 _c; 22 cm |
||
| 520 | _aLa educación teológica está sufriendo una serie de crisis en América Latina. Hay iglesias y pastores que no están satisfechos con el trabajo que están haciendo los seminarios e institutos bíblicos. Por otro lado, los profesores y administradores de instituciones de educación teológica no están satisfechos con lo que está sucediendo en las iglesias. Esta ponencia intenta dar unas bases para desarrollar un trabajo conjunto entre seminarios e iglesia para formar el liderazgo sano y eficaz. | ||
| 650 | 7 |
_9933 _aMisiones _xObra educativa |
|
| 773 | 0 |
_tKairós _049489 _961203 _gNúmero 20 (Enero - Junio, 1997), páginas 51-62 _qPágina 51 |
|
| 773 | 0 |
_049489 _981310 _gNúmero 20 (Enero - Junio, 1997), páginas 51-62 _qPágina 51 _tKairós |
|
| 942 | _cANA | ||
| 999 |
_c51199 _d51199 |
||